书目信息 |
| 题名: |
抑郁症轻图解
|
|
| 作者: | 野村综一郎 主编 ;芮一峰 , 杉本瑠依 译 | |
| 分册: | ||
| 出版信息: | 广州 广东科技出版社 2017.06 |
|
| 页数: | 10, 175页 | |
| 开本: | 21cm | |
| 丛书名: | 家庭医生轻图解丛书 | |
| 单 册: | ||
| 中图分类: | R749.4 | |
| 科图分类: | ||
| 主题词: | 抑郁症--yi yu zheng--防治--图解 | |
| 电子资源: | ||
| ISBN: | 978-7-5359-6711-4 | |
| 000 | 01324nam 2200313 450 | |
| 001 | CAL 0120172227265 | |
| 005 | 20171211152034.39 | |
| 010 | @a978-7-5359-6711-4@b@dCNY33.00 | |
| 100 | @a20170724d2017 em y0chiy50 ea | |
| 101 | 1 | @achi@cjpn |
| 102 | @aCN@b440000 | |
| 105 | @aak z 000yy | |
| 106 | @ar | |
| 200 | 1 | @a抑郁症轻图解@Ayi yu zheng qing tu jie@e身心健康的知识和方法@f(日) 野村综一郎主编@g芮一峰, 杉本瑠依译 |
| 210 | @a广州@c广东科技出版社@d2017.06 | |
| 215 | @a10, 175页@c彩图@d21cm | |
| 225 | 2 | @a家庭医生轻图解丛书@Ajia ting yi sheng qing tu jie cong shu |
| 314 | @a野村综一郎, 日本医学博士, 防卫医科大学精神科教授, 日本抑郁症学会理事。 | |
| 330 | @a本书引自日本的保健图书, 专门介绍抑郁症的相关知识, 包括抑郁症的概述、症状、治疗及预防。全书图文并茂, 简单易懂。第一章介绍抑郁症的基础知识, 第二章介绍抑郁症的相关症状, 第三章介绍抑郁症的最新治疗, 第四章介绍如果预防抑郁症。 | |
| 410 | 0 | @12001 @a家庭医生轻图解丛书 |
| 517 | 1 | @a身心健康的知识和方法@Ashen xin jian kang de zhi shi he fang fa |
| 606 | 0 | @a抑郁症@Ayi yu zheng@x防治@j图解 |
| 690 | @aR749.4@v5 | |
| 701 | 0 | @a野村综一郎@Aye cun zong yi lang@4主编 |
| 702 | 0 | @a芮一峰@Arui yi feng@4译 |
| 702 | 0 | @a杉本瑠依@Ashan ben liu yi@4译 |
| 801 | 0 | @aCN@b人天书店@c20170724@g |
| 905 | @aBZT@dR749.4@e11 | |
| 906 | @dCNY33.00@n3@r1 | |
| 抑郁症轻图解:身心健康的知识和方法/(日) 野村综一郎主编/芮一峰, 杉本瑠依译.-广州:广东科技出版社,2017.06 |
| 10, 175页:彩图;21cm.-(家庭医生轻图解丛书) |
| ISBN 978-7-5359-6711-4:CNY33.00 |
| 本书引自日本的保健图书, 专门介绍抑郁症的相关知识, 包括抑郁症的概述、症状、治疗及预防。全书图文并茂, 简单易懂。第一章介绍抑郁症的基础知识, 第二章介绍抑郁症的相关症状, 第三章介绍抑郁症的最新治疗, 第四章介绍如果预防抑郁症。 |
| ● |
| 相关链接 |
|
|
|
正题名:抑郁症轻图解
索取号:R749.4/11
 
预约/预借
| 序号 | 登录号 | 条形码 | 馆藏地/架位号 | 状态 | 备注 |
| 1 | 840303 | 2000840303 | 第二书库/ [索取号:R749.4/11] | 在馆 | |
| 2 | 840304 | 2000840304 | 第二书库/ [索取号:R749.4/11] | 在馆 | |
| 3 | 840305 | 2000840305 | 第二书库/ [索取号:R749.4/11] | 在馆 |